000 00530nam a22001937a 4500
003 CEME
005 20210628204039.0
008 210107b xxu||||| |||| 00| 0 eng d
020 _a9788120344088
040 _cceme
082 _a621.51 ILA
100 _aIlango, S, Soundararajan, V
_968424
245 _aIntroduction to hydraulics and pneumatics
250 _a2ND
260 _aNEW DELHI
_bPHI LEARNING
_c2011
300 _aXV, 302P
650 _aHYDRAULICS-INTRODUCTION.PNEUMATICS-INTRODUCTION.
_968425
942 _cBK
_2ddc
999 _c576008
_d576008